[Event "Titled Tuesday intern op 28th Mar Late"]
[Site "Chess.com INT"]
[Date "2023.03.28"]
[Round "11"]
[White "Khandelwal, Ankush"]
[Black "Zavortink, Matt B"]
[Result "1-0"]
[WhiteElo "2255"]
[BlackElo "2193"]
[PlyCount "99"]
[EventDate "2023.03.28"]
[EventType "swiss (blitz)"]
[EventRounds "11"]
[EventCountry "USA"]
[SourceTitle "EXT 2024"]
[Source "ChessBase"]
[SourceDate "2023.10.10"]
[SourceVersion "1"]
[SourceVersionDate "2023.10.10"]
[SourceQuality "1"]

1. e4 e6 2. d4 d5 3. Nc3 Nf6 4. e5 Nfd7 5. f4 c5 6. Nf3 Nc6 7. Be3 cxd4 8. Nxd4 Qb6 9. Qd2 Qxb2 10. Rb1 Qa3 11. Bb5 Nxd4 12. Bxd4 a6 13. Bxd7+ Bxd7 14. Rb3 Qe7 15. Rxb7 Qd8 16. Bb6 Qc8 17. Rc7 Qd8 18. Qd4 Ba3 19. Nb1 Be7 20. c4 0-0 21. cxd5 exd5 22. Nc3 Be6 23. f5 Bxf5 24. Nxd5 Bh4+ 25. g3 Be6 26. Rc5 Qg5 27. gxh4 Qg2 28. Rg1 Qxh2 29. Rc3 Rab8 30. Rcg3 g6 31. Nf6+ Kh8 32. a4 Rfd8 33. R3g2 Rxd4 34. Rxh2 Rxb6 35. Rc2 Rb1+ 36. Kf2 Rf4+ 37. Kg3 Rxg1+ 38. Kxf4 Kg7 39. Rb2 Ra1 40. Rb8 Rxa4+ 41. Kg3 Ra5 42. Rg8+ Kh6 43. Rh8 g5 44. Rxh7+ Kg6 45. h5+ Kf5 46. h6 Rxe5 47. Ng4 Ra5 48. Rg7 Ra3+ 49. Kf2 Kxg4 50. h7 1-0

[Event "Titled Tuesday intern op 28th Mar Early"]
[Site "Chess.com INT"]
[Date "2023.03.28"]
[Round "6"]
[White "Sztokbant, Bernardo Vainzoff"]
[Black "Zavortink, Matt B"]
[Result "1-0"]
[WhiteElo "2213"]
[BlackElo "2193"]
[PlyCount "125"]
[EventDate "2023.03.28"]
[EventType "swiss (blitz)"]
[EventRounds "11"]
[EventCountry "USA"]
[SourceTitle "EXT 2024"]
[Source "ChessBase"]
[SourceDate "2023.10.10"]
[SourceVersion "1"]
[SourceVersionDate "2023.10.10"]
[SourceQuality "1"]

1. e4 e6 2. d4 d5 3. Nd2 c5 4. Ngf3 cxd4 5. Nxd4 Nf6 6. Bd3 Nc6 7. Nxc6 bxc6 8. 0-0 Be7 9. Qe2 0-0 10. b3 a5 11. Bb2 a4 12. Rad1 axb3 13. axb3 Ra2 14. Ba1 Qa5 15. e5 Nd7 16. Nf3 Ba6 17. Nd4 Bxd3 18. Qxd3 Nxe5 19. Qg3 Ng6 20. Nxc6 Qa3 21. Nxe7+ Qxe7 22. c4 dxc4 23. bxc4 Rc8 24. Qc3 e5 25. Rde1 Ra3 26. Qc2 f6 27. Rc1 Ra5 28. Rfd1 Rac5 29. Qe4 Qc7 30. Bb2 Nf4 31. g3 Ne6 32. Qf5 Qc6 33. Ba3 Rxc4 34. Rxc4 Qxc4 35. Rd7 Rc7 36. Rd6 Nf8 37. Rd8 Qf7 38. Rxf8+ Qxf8 39. Bxf8 Kxf8 40. Qe6 Re7 41. Qd6 Kf7 42. Kg2 g6 43. Qd5+ Kf8 44. h4 Kg7 45. Qd6 Rf7 46. Qe6 Rf8 47. h5 Rf7 48. h6+ Kg8 49. Qe8+ Rf8 50. Qe7 Rf7 51. Qe6 Kf8 52. Qc8+ Ke7 53. Qh8 Ke6 54. g4 f5 55. Qe8+ Kf6 56. g5+ Kxg5 57. Qxf7 Kxh6 58. Qf6 e4 59. Qe5 Kg5 60. Qe7+ Kh6 61. Kg3 Kh5 62. Qxh7+ Kg5 63. Qh4# 1-0